000
00291nam a22001337a 4500
008
170731b xxu||||| |||| 00| 0 eng d
020
_a
0138758573
041
_a
eng
080
_2
3RD
_a
004
100
_a
32
101
_a
SHK
245
_a
VISUAL BASIC 5.0
_c
SCHNEIDER,D.I
942
_2
udc
_c
BK
999
_c
22220
_d
22220